Najbardziej ocenzurowane państwa - Statystyki

Ogólne statystyki
  • Ten quiz został rozwiązany 96 razy
  • Średni wynik to 11 z 20
Statystyki odpowiedzi
Wskaźnik Państwo % Poprawnych
85.82 Korea Północna
96%
78.48 Chiny
88%
64.81 Iran
82%
55.37 Irak
81%
72.57 Syria
71%
62.14 Arabia Saudyjska
66%
56.82 Egipt
65%
58.25 Jemen
62%
74.71 Wietnam
59%
55.77 Libia
53%
64.28 Laos
52%
63.81 Kuba
51%
85.44 Turkmenistan
49%
55.45 Somalia
42%
55.34 Tadżykistan
40%
83.50 Erytrea
33%
60.13 Bahrajn
31%
58.48 Azerbejdżan
27%
76.73 Dżibuti
25%
56.38 Gwinea Równikowa
7%
Nie znaleziono quizów pasujących do podanych kryteriów
Rozkład punktacji
Procent ludzi z każdym wynikiem
Percentyl według liczby udzielonych odpowiedzi
Twoja historia wyników
Nie rozwiązałeś tego quizu